Biggest cities by language A-Z (Spanish) - Statistics

General Stats
  • This quiz has been taken 32 times
  • The average score is 12 of 27
Answer Stats
Population Region Hint Answer % Correct
B 8 million South America home to the world-renowned Gold Museum and is often called the “Athens of South America” Bogotá
97%
C 3.2 million South America this capital city is the birthplace of Simón Bolívar Caracas
97%
M 9.2 million Mexico built on the ruins of the Aztec capital Tenochtitlán, famous for its “sinking” cathedral Mexico City
97%
H 2.1 million Caribbean famous for its vintage American cars, Spanish colonial architecture, and the historic Malecón seawall Havana
93%
Q 1.8 million South America capital city of Ecuador Quito
93%
T 1.9 million Mexico “Gateway to Mexico” hosting the world’s busiest land border crossing Tijuana
90%
S 6.3 million South America this capital features the Costanera Center, the tallest building in South America Santiago de Chile
86%
L 10 million South America “City of Kings” widely considered the gastronomy capital of the world Lima
83%
R 1.3 million South America birthplace of Lionel Messi and Che Guevara Rosario
76%
G 2.7 million South America gateway to the Galápagos Islands, main port of its country Guayaquil
72%
P 1.7 million Mexico famous for its colorful Talavera pottery and as the site of the 1862 battle that inspired the “Cinco de Mayo” holiday Puebla
59%
J 1.5 million Mexico major industrial hub often cited as the birthplace of the burrito Ciudad Juárez
45%
D 616,000 Mexico “Land of Cinema” filming location for hundreds of Western movies Durango
45%
V 1.6 million South America famous for its homonymous lake and its history as a three-time capital of its country Valencia, Venezuela
45%
A 949,000 Mexico named for natural hot springs, famous for hosting the massive Feria de San Marcos Aguascalientes
34%
O 259,000 Mexico renowned for its Seven Moles, mezcal, and the nearby Zapotec ruins of Monte Albán Oaxaca
34%
I 491,000 South America largest city in the world unreachable by road Iquitos
28%
X 489,000 Mexico “City of Flowers” namesake of the Jalapeño pepper Xalapa
21%
E 1.6 million Mexico features the Mexicable, a public transit cable car system Ecatepec de Morelos
10%
N 1 million Mexico named after the “Poet King” of the Texcoco people Nezahualcóyotl
10%
Z 1.5 million Mexico famous for its Basilica and is one of the most affluent cultural hubs in western Mexico Zapopan
10%
U 300,000 Mexico “Avocado Capital of the World” home to the only national park located inside a city's limits in Mexico Uruapan
7%
K 140,000 Mexico regionally famous for its traditional cuisine, specifically its reputation as the “Capital of the Panucho” Kanasín
3%
Ñ 267,000 South America Chilean city known for its bohemian vibe and as the home of the National Stadium Ñuñoa
3%
F 308,000 South America “Sweet City” for its famous obleas (wafer sandwiches with caramel) and its proximity to the Chicamocha Canyon Floridablanca
0%
W 63,000 Central America cultural hub of the Miskito indigenous people Waspam, Nicaragua
0%
Y 120,000 South America Venezuelan town that is a major center for the Yaracuy region’s sugar cane industry Yaritagua, Venezuela
0%
No matching quizzes found
Score Distribution
Percent of People with Each Score
Percentile by Number Answered
Your Score History
You have not taken this quiz